Dos siglos de pintura catalana (Record no. 70913)

MARC details
000 -LEADER
campo de control de longitud fija 00430nam a2200145 i 4500
001 - NÚMERO DE CONTROL
campo de control 70913
003 - IDENTIFICADOR DE NÚMERO DE CONTROL
campo de control ES-MaACL
007 - CAMPO FIJO DE DESCRIPCIÓN FÍSICA--INFORMACIÓN GENERAL
campo de control de longitud fija t|
008 - DATOS DE LONGITUD FIJA--INFORMACIÓN GENERAL
campo de control de longitud fija 040804s1974 sp ||||1| spa d
100 1# - ENTRADA PRINCIPAL--NOMBRE DE PERSONA
Nombre de persona Garrut, Josep María.
9 (RLIN) 55789
245 10 - MENCIÓN DEL TÍTULO
Título Dos siglos de pintura catalana
Resto del título : (XIX y XX) /
Mención de responsabilidad, etc. Josep María Garrut.
260 ## - PUBLICACIÓN, DISTRIBUCIÓN, ETC.
Lugar de publicación, distribución, etc. Madrid :
Nombre del editor, distribuidor, etc. IEE,
Fecha de publicación, distribución, etc. [1974]
300 ## - DESCRIPCIÓN FÍSICA
Extensión 596 p., 43 lám. :
Otras características físicas il. ;
Dimensiones 33 cm.
852 ## - LOCALIZACIÓN
Ubicación ES-MaACL
Número de control de estantería E-6227
Sublocalización o colección R.91092
Holdings
Estatus retirado Estado de pérdida Estado de daño No para préstamo Biblioteca de origen Biblioteca actual Ubicación en estantería Fecha de adquisición Fuente de adquisición Total de préstamos Signatura topográfica completa Código de barras Visto por última vez Precio de reemplazo Tipo de ítem Koha
        Biblioteca del Ateneo de Madrid Biblioteca del Ateneo de Madrid Depósito 2 17/01/2008     E-6227 1074259 23/02/2023 23/02/2023 Libro impreso